| 000 | 01261nam a2200409 a 4500 | ||
|---|---|---|---|
| 003 | AR-BaBNM | ||
| 005 | 20251128205828.0 | ||
| 008 | 082120s2002 ||||||||||||||000 | spa|| | ||
| 020 | _a84-271-2033-8 | ||
| 040 | _cAR-BaBNM | ||
| 111 | 2 |
_aCongreso Internacional sobre Dirección de Centros Docentes _n2 _cBilbao, España _d[ca. 1996] |
|
| 245 | 0 | 0 | _aDirección participativa y evaluación de centros |
| 260 |
_aBilbao _bICE _bUniversidad de Deusto _c1996 |
||
| 300 |
_a921 p. _btablas, gráfs. |
||
| 650 | 4 | _aTOMA DE DECISIONES | |
| 650 | 4 | _aPARTICIPACION | |
| 650 | 4 | _aEDUCACION | |
| 651 | 4 | _aEspaña | |
| 653 | _aGESTION INSTITUCIONAL | ||
| 653 | _aEVALUACION INSTITUCIONAL | ||
| 653 | _aINSTITUCIONES EDUCATIVAS | ||
| 653 | _aDIRECTORES DE ESCUELA | ||
| 700 | 1 |
_aVilla Sánchez, Aurelio _ecoordinador |
|
| 700 | 1 | _aStufflebeam, Daniel L. | |
| 700 | 1 | _aGairín Sallán, Joaquín | |
| 700 | 1 | _aIbar Albiñana, Mariano G. | |
| 700 | 1 | _aGómez Dacal, Gonzalo | |
| 700 | 1 | _aAlvarez Fernández, Manuel | |
| 700 | 1 | _aImmegart, Glenn | |
| 700 | 1 | _aBolam, Raymond | |
| 700 | 1 | _aVeenman, Simon | |
| 700 | 1 | _aMunicio Fernández, Pedro | |
| 700 | 1 | _aMontané i Tuca, Mireia | |
| 700 | 1 | _aNevo, David | |
| 942 | _cBK | ||
| 998 | _carturo | ||
| 999 |
_c12979 _d12979 |
||